Agrárna nezamestnanosť porovnateľná so situáciou v stavebníctve
Počty nezamestnaných agrokomplexu Slovenska v r.1993, ich prudké zvýšenie. Záťaž pre štátny rozpočet. Nerovnováha na trhu práce. Agrárna nezamestnanosť, podiel z celkovej nezamestnanosti podľa okresov k 31.12.1993 podľa okresov.
Saved in:
| Main Author: | |
|---|---|
| Format: | Book Chapter |
| Language: | Slovak |
| Subjects: | |
| Tags: |
No Tags, Be the first to tag this record!
|
MARC
| LEADER | 00000naa a2200000 4500 | ||
|---|---|---|---|
| 001 | r015552 | ||
| 005 | 20221205091051.4 | ||
| 041 | 0 | |a slo | |
| 044 | |a SK | ||
| 245 | 1 | 0 | |a Agrárna nezamestnanosť porovnateľná so situáciou v stavebníctve |c Stanislav Buchta |
| 520 | |a Počty nezamestnaných agrokomplexu Slovenska v r.1993, ich prudké zvýšenie. Záťaž pre štátny rozpočet. Nerovnováha na trhu práce. Agrárna nezamestnanosť, podiel z celkovej nezamestnanosti podľa okresov k 31.12.1993 podľa okresov. | ||
| 610 | 2 | 0 | |a nezamestnanosť |
| 610 | 2 | 0 | |a poľnohospodárstvo |
| 610 | 2 | 0 | |a Slovensko |
| 610 | 2 | 0 | |a 1993 |
| 610 | 2 | 0 | |a okresy |
| 610 | 2 | 0 | |a údaje štatistické |
| 610 | 2 | 0 | |a agrokomplex |
| 100 | 1 | |a Buchta, Stanislav | |